000 00809pam a2200253 a 4500
005 20260322212056.0
008 data
010 _a 85048264
020 _a0553051377
020 _a9780553051377
040 _aDLC
_cDLC
_dDLC
050 0 0 _aML420.S565
_bK4 1986
082 0 0 _aB
_aB
_219
100 1 _aKelley, Kitty.
245 1 0 _aHis way :
_bthe unauthorized biography of Frank Sinatra /
_cKitty Kelley.
260 _aNew York :
_aNew York :
_bBantam Books,
_cc1986.
300 _axvi, 575 p. [32] p. of plates :
_bill. ;
_c26 cm.
500 _aIncludes index.
504 _aBibliography: p. 541-545.
600 1 0 _aSinatra, Frank,
_d1915-1998.
650 0 _aSingers
_zUnited States
_vBiography.
856 4 2 _3Publisher description
_uhttp://www.loc.gov/catdir/description/random0410/85048264.html
001 data
999 _c1346
_d1346